[Event "Oberliga Ost-A 2122"]
[Site "Germany"]
[Date "2022.07.10"]
[Round "7.5"]
[White "Reipsch, Jens"]
[Black "Brueggemann, Florian"]
[Result "1-0"]
[WhiteElo "2242"]
[BlackElo "1964"]
[PlyCount "81"]
[EventDate "2021.10.10"]
[EventType "team-tourn"]
[EventRounds "11"]
[EventCountry "GER"]
[SourceTitle "EXT 2023"]
[Source "ChessBase"]
[SourceDate "2022.10.05"]
[SourceVersion "1"]
[SourceVersionDate "2022.10.05"]
[SourceQuality "1"]
[WhiteTeam "Halle USV"]
[BlackTeam "Magdeburg Aufbau Elbe II"]
[WhiteTeamCountry "GER"]
[BlackTeamCountry "GER"]

1. e4 c5 2. Nf3 d6 3. Bb5+ Bd7 4. Bxd7+ Nxd7 5. 0-0 Ngf6 6. Re1 e6 7. b3 Be7 8. Bb2 0-0 9. d4 cxd4 10. Qxd4 Qb6 11. Qxb6 Nxb6 12. c4 Rfe8 13. Nc3 d5 14. cxd5 exd5 15. e5 Nh5 16. g3 Bb4 17. a3 Bxc3 18. Bxc3 g6 19. Bd4 Ng7 20. Bxb6 axb6 21. Nd4 Ne6 22. Nb5 Rec8 23. Red1 Rc5 24. a4 Rd8 25. Nd6 Rxd6 26. exd6 d4 27. Rac1 Rd5 28. Rc4 Rxd6 29. Kf1 Kg7 30. Ke2 Kf6 31. b4 h5 32. Kd3 Kf5 33. f3 b5 34. axb5 Rd5 35. Ra1 Rxb5 36. Ra5 Rxa5 37. bxa5 Ke5 38. Rb4 Kd5 39. Rxb7 Nc5+ 40. Ke2 d3+ 41. Kd1 1-0

[Event "Oberliga Ost-A 1415"]
[Site "Germany"]
[Date "2014.09.21"]
[Round "1.6"]
[White "Kuna, Ralf Michael"]
[Black "Brueggemann, Florian"]
[Result "1-0"]
[WhiteElo "2162"]
[BlackElo "2014"]
[PlyCount "117"]
[EventDate "2014.09.21"]
[EventType "team-tourn"]
[EventRounds "11"]
[EventCountry "GER"]
[SourceTitle "EXT 2016"]
[Source "ChessBase"]
[SourceDate "2015.10.08"]
[SourceVersion "1"]
[SourceVersionDate "2015.10.08"]
[SourceQuality "1"]
[WhiteTeam "Magdeburg Rochade"]
[BlackTeam "Magdeburg Aufbau Elbe"]
[WhiteTeamCountry "GER"]
[BlackTeamCountry "GER"]

1. e4 c5 2. Nf3 d6 3. d4 cxd4 4. Nxd4 Nf6 5. f3 a6 6. c4 Nc6 7. Be3 g6 8. Nc3 Bg7 9. Qd2 0-0 10. Be2 Nxd4 11. Bxd4 Qa5 12. 0-0 Be6 13. Rfd1 Rfc8 14. b3 b5 15. Nd5 Qxd2 16. Rxd2 Nxd5 17. exd5 Bd7 18. Bxg7 Kxg7 19. Kf2 bxc4 20. Bxc4 Bb5 21. Bxb5 axb5 22. Re1 Kf6 23. Re4 Ra7 24. Rf4+ Kg7 25. Rb4 Rc5 26. Ke3 Rd7 27. a4 bxa4 28. Rxa4 Rb7 29. b4 Rcb5 30. Rd4 R5b6 31. Kd3 e5 32. dxe6 fxe6 33. Kc3 e5 34. Rc4 Kf6 35. f4 Kf5 36. Ra5 Rb5 37. g4+ Ke6 38. fxe5 dxe5 39. Rxb5 Rxb5 40. Rc7 h5 41. Rc6+ Kf7 42. Kc4 Rb8 43. gxh5 gxh5 44. b5 e4 45. b6 Re8 46. b7 Rb8 47. Rb6 e3 48. Kd3 e2 49. Kxe2 Ke7 50. Kf3 Kd7 51. Kg3 Kc7 52. Rb5 Rg8+ 53. Kh4 Kb8 54. h3 Rh8 55. Rxh5 Rg8 56. Rh7 Ka7 57. Kh5 Kb6 58. h4 Kc6 59. Rg7 1-0

[Event "GER-chT U20"]
[Site "Osnabrueck"]
[Date "2010.12.29"]
[Round "5.4"]
[White "Arnold, Sebastian"]
[Black "Brueggemann, Florian"]
[Result "0-1"]
[WhiteElo "1752"]
[BlackElo "1986"]
[PlyCount "158"]
[EventDate "2010.12.27"]
[EventType "team-swiss"]
[EventRounds "7"]
[EventCountry "GER"]
[SourceTitle "CBM 140 Extra"]
[Source "ChessBase"]
[SourceDate "2011.03.01"]
[SourceVersion "1"]
[SourceVersionDate "2011.03.01"]
[SourceQuality "1"]
[WhiteTeam "Kelheim"]
[BlackTeam "Magdeburg Aufbau Elbe"]
[WhiteTeamCountry "GER"]
[BlackTeamCountry "GER"]

1. e4 c5 2. Nf3 d6 3. d4 cxd4 4. Nxd4 Nf6 5. Nc3 a6 6. Be3 e6 7. f3 b5 8. Qd2 Bb7 9. 0-0-0 Qc7 10. g4 Nfd7 11. g5 Nc6 12. h4 Nde5 13. Nxc6 Qxc6 14. Qg2 Rc8 15. Rd2 h5 16. gxh6 gxh6 17. f4 b4 18. Nb1 Nd7 19. Bd3 Nc5 20. Bxc5 Qxc5 21. Qe2 Qb6 22. Qf2 Qxf2 23. Rxf2 Rg8 24. Nd2 d5 25. Re1 Bc5 26. Rfe2 Rg4 27. f5 Rxh4 28. fxe6 fxe6 29. exd5 Bxd5 30. Bf5 Kf7 31. Bxe6+ Bxe6 32. Rxe6 Bf2 33. Re7+ Kf8 34. Rh7 Kg8 35. Ree7 Rh1+ 36. Nf1 Rxf1+ 37. Kd2 Be1+ 38. Ke2 Rg1 39. Rxh6 Rxc2+ 40. Kd3 Rd2+ 41. Kc4 Rg4+ 42. Kb3 Rd3+ 43. Kc2 Rd2+ 44. Kb3 Rg3+ 45. Kc4 Rc2+ 46. Kd5 Rg5+ 47. Kd4 Bf2+ 48. Kd3 Rxb2 49. Rxa6 Rg3+ 50. Kc4 Rc2+ 51. Kd5 Rc5+ 52. Kd6 Rd3+ 53. Ke6 Re3+ 54. Kd6 Rxe7 55. Kxe7 Rc7+ 56. Kf6 Ra7 57. Rd6 Rxa2 58. Rd8+ Kh7 59. Rd7+ Kh6 60. Rd1 Ra6+ 61. Kf5 Rb6 62. Rh1+ Kg7 63. Ke4 b3 64. Kd3 b2 65. Kc2 Bd4 66. Rd1 Bf6 67. Rg1+ Kf7 68. Rf1 Ra6 69. Re1 Ra1 70. Rb1 Rxb1 71. Kxb1 Ke6 72. Kc2 Kd5 73. Kb1 Kc4 74. Kc2 Kb4 75. Kb1 Kc3 76. Ka2 Kc2 77. Ka3 b1Q 78. Ka4 Bc3 79. Ka3 Qb3# 0-1

[Event "GER-chT U20"]
[Site "Osnabrueck"]
[Date "2010.12.29"]
[Round "6.4"]
[White "Brueggemann, Florian"]
[Black "Pfefferkorn, Kai"]
[Result "1-0"]
[WhiteElo "1986"]
[BlackElo "1570"]
[PlyCount "169"]
[EventDate "2010.12.27"]
[EventType "team-swiss"]
[EventRounds "7"]
[EventCountry "GER"]
[SourceTitle "CBM 140 Extra"]
[Source "ChessBase"]
[SourceDate "2011.03.01"]
[SourceVersion "1"]
[SourceVersionDate "2011.03.01"]
[SourceQuality "1"]
[WhiteTeam "Magdeburg Aufbau Elbe"]
[BlackTeam "Dresden USV"]
[WhiteTeamCountry "GER"]
[BlackTeamCountry "GER"]

1. e4 c5 2. Nf3 d6 3. d4 cxd4 4. Nxd4 Nf6 5. Nc3 a6 6. Bc4 e6 7. a4 Be7 8. g4 e5 9. Nf5 Bxf5 10. gxf5 0-0 11. Be3 Nbd7 12. Rg1 Kh8 13. Qf3 Qe8 14. Bd5 Nxd5 15. Nxd5 Rc8 16. c3 Nf6 17. Nxf6 Bxf6 18. Rg3 g6 19. Bh6 Rg8 20. fxg6 Qe6 21. gxf7 Qxf7 22. Bg5 Rcf8 23. Bxf6+ Qxf6 24. Qxf6+ Rxf6 25. Ke2 Rf4 26. f3 Rh4 27. Rxg8+ Kxg8 28. Rg1+ Kf7 29. Rg2 Ke6 30. c4 a5 31. Kf2 Rh6 32. Kg1 Kf7 33. Rd2 Rg6+ 34. Kh1 Rf6 35. Rd3 b6 36. Rb3 Ke6 37. Kg2 Rg6+ 38. Kf2 Rh6 39. h3 Rxh3 40. Kg2 Rh6 41. Rxb6 Rg6+ 42. Kf2 Rg7 43. Rb5 Ra7 44. Ke3 Rc7 45. b3 Ra7 46. f4 exf4+ 47. Kxf4 Rf7+ 48. Ke3 Ra7 49. Kd4 Kd7 50. Rh5 Kc6 51. Rh6 Rb7 52. Kc3 Kc5 53. Rh5+ Kb6 54. Rd5 Rd7 55. e5 Re7 56. Rxd6+ Kc7 57. Rd5 Kb6 58. Rb5+ Ka6 59. Kd4 h5 60. Ke4 h4 61. Kf3 Rg7 62. e6 Rg6 63. Re5 h3 64. e7 h2 65. Re1 Rg1 66. Rxg1 hxg1Q 67. e8Q Qd1+ 68. Kf4 Qf1+ 69. Kg5 Qg1+ 70. Kf6 Qf2+ 71. Kg7 Qd4+ 72. Kg8 Qg4+ 73. Kf8 Qg2 74. Qb5+ Ka7 75. Qxa5+ Kb8 76. Qe5+ Kc8 77. Qd5 Qf2+ 78. Ke7 Qh4+ 79. Kd6 Qf4+ 80. Kc5 Qe3+ 81. Kb4 Qe1+ 82. Kb5 Qh4 83. b4 Qg4 84. a5 Qg1 85. Qc5+ 1-0

[Event "Oberliga Ost-A 0910"]
[Site "Germany"]
[Date "2010.04.11"]
[Round "11.5"]
[White "Brueggemann, Florian"]
[Black "Dobierzin, Olaf"]
[Result "1/2-1/2"]
[WhiteElo "2020"]
[BlackElo "2136"]
[PlyCount "119"]
[EventDate "2009.10.18"]
[EventType "team-tourn"]
[EventRounds "11"]
[EventCountry "GER"]
[SourceTitle "EXT 2011"]
[Source "ChessBase"]
[SourceDate "2010.11.26"]
[SourceVersion "1"]
[SourceVersionDate "2010.11.26"]
[SourceQuality "1"]
[WhiteTeam "Magdeburg Aufbau Elbe"]
[BlackTeam "Leipzig Lok II"]
[WhiteTeamCountry "GER"]
[BlackTeamCountry "GER"]

1. e4 c5 2. Nf3 Nc6 3. Bc4 e6 4. Qe2 d6 5. c3 Nf6 6. 0-0 Be7 7. Bb3 0-0 8. Rd1 Qc7 9. d4 cxd4 10. cxd4 d5 11. e5 Nd7 12. Nc3 a6 13. Bg5 Qd8 14. Bxe7 Qxe7 15. Rac1 Nb6 16. Bc2 Bd7 17. b3 Rac8 18. Bb1 Na7 19. Qd2 Rc6 20. Ng5 h6 21. Nh7 Rfc8 22. Qd3 Qb4 23. Ne2 Rxc1 24. Nxc1 Qc3 25. Nf6+ Kf8 26. Qxc3 Rxc3 27. Nxd7+ Nxd7 28. Ne2 Rc6 29. Bd3 Ke7 30. f4 b5 31. Kf2 b4 32. Rc1 Rxc1 33. Nxc1 a5 34. g4 Nb6 35. Ba6 Nd7 36. Ke3 Nb8 37. Bd3 Nbc6 38. Ne2 f6 39. Kd2 Nc8 40. Kc2 g5 41. fxg5 hxg5 42. exf6+ Kxf6 43. Kb2 e5 44. Bf5 Nd6 45. dxe5+ Kxe5 46. Bd3 Nd4 47. Nc1 Kf4 48. h3 Kg3 49. Bh7 Kxh3 50. Bg8 Kxg4 51. a3 bxa3+ 52. Kxa3 N4b5+ 53. Ka4 Nc3+ 54. Kxa5 Kf3 55. Kb4 Nde4 56. Nd3 g4 57. Ne5+ Kf4 58. Nxg4 Kxg4 59. Bxd5 Nxd5+ 60. Kc4 1/2-1/2

[Event "GER-chT U20"]
[Site "Chemnitz"]
[Date "2009.12.28"]
[Round "3.1"]
[White "Brueggemann, Florian"]
[Black "Hoegy, Kevin"]
[Result "1/2-1/2"]
[WhiteElo "2030"]
[BlackElo "2145"]
[PlyCount "125"]
[EventDate "2009.12.27"]
[EventType "team-swiss"]
[EventRounds "7"]
[EventCountry "GER"]
[SourceTitle "EXT 2022"]
[Source "ChessBase"]
[SourceDate "2021.10.06"]
[SourceVersion "1"]
[SourceVersionDate "2021.10.06"]
[SourceQuality "1"]
[WhiteTeam "Magdeburg Aufbau Elbe U20"]
[BlackTeam "Neuberg U20"]
[WhiteTeamCountry "GER"]
[BlackTeamCountry "GER"]

1. e4 e5 2. Nf3 Nc6 3. Bc4 Be7 4. 0-0 Nf6 5. Re1 0-0 6. Bb3 Re8 7. c3 Bf8 8. d4 h6 9. a3 d6 10. d5 Ne7 11. Nfd2 Ng6 12. Ba4 Bd7 13. Bxd7 Qxd7 14. Nf1 Be7 15. Ng3 Nh7 16. Nf5 Bg5 17. Bxg5 hxg5 18. Qg4 Qd8 19. Nd2 Ngf8 20. c4 g6 21. Ne3 Nd7 22. b4 Qe7 23. Qe2 Kg7 24. Nb3 Nhf6 25. f3 Rh8 26. g4 Rh3 27. Na5 Rah8 28. Nxb7 Ne8 29. Rf1 Qf6 30. Rf2 Qf4 31. Nf1 f5 32. Nd8 Nf8 33. Re1 Nf6 34. exf5 gxf5 35. Ne3 fxg4 36. fxg4 Qg3+ 37. Rg2 Qf3 38. Qxf3 Rxf3 39. Nc6 Rhh3 40. Nf5+ Kf7 41. Nxa7 Rf4 42. Ne3 Ng6 43. Rg3 Rh7 44. Nb5 Ke8 45. c5 dxc5 46. bxc5 Ne4 47. Ng2 Nxg3 48. Nxf4 gxf4 49. hxg3 fxg3 50. g5 Kd8 51. Kg2 Rh5 52. Kxg3 Rxg5+ 53. Kf3 Rf5+ 54. Ke4 Rf4+ 55. Ke3 Rc4 56. d6 cxd6 57. Nxd6 Ra4 58. Rd1 Kc7 59. Rb1 Kc6 60. Nb7 Nf4 61. Rb3 Nd5+ 62. Kd2 Ra7 63. Nd8+ 1/2-1/2

[Event "Oberliga Ost-A 0910"]
[Site "Germany"]
[Date "2009.11.28"]
[Round "5.6"]
[White "Boehm, Robert"]
[Black "Brueggemann, Florian"]
[Result "1-0"]
[WhiteElo "2173"]
[BlackElo "2020"]
[PlyCount "47"]
[EventDate "2009.10.18"]
[EventType "team-tourn"]
[EventRounds "11"]
[EventCountry "GER"]
[SourceTitle "EXT 2011"]
[Source "ChessBase"]
[SourceDate "2010.11.26"]
[SourceVersion "1"]
[SourceVersionDate "2010.11.26"]
[SourceQuality "1"]
[WhiteTeam "Hoyerswerda"]
[BlackTeam "Magdeburg Aufbau Elbe"]
[WhiteTeamCountry "GER"]
[BlackTeamCountry "GER"]

1. d4 Nf6 2. Nf3 c5 3. c4 d6 4. Nc3 cxd4 5. Nxd4 g6 6. e4 Bg7 7. Be2 0-0 8. Be3 Nc6 9. 0-0 Nxd4 10. Bxd4 Be6 11. Qd2 Nd7 12. Rac1 Bxd4 13. Qxd4 Qb6 14. Nb5 Rfc8 15. b3 Nc5 16. e5 dxe5 17. Qxe5 Qa5 18. Qb2 Qb6 19. Rcd1 Rd8 20. b4 Na4 21. Qc2 a6 22. c5 Rdc8 23. Qxa4 Qc6 24. Nc3 1-0

[Event "Sachsen-Anhalt-ch 19th"]
[Site "Sangerhausen"]
[Date "2009.05.21"]
[Round "1.4"]
[White "Rothe, Guido"]
[Black "Brueggemann, Florian"]
[Result "1-0"]
[WhiteElo "2224"]
[BlackElo "2023"]
[PlyCount "85"]
[EventDate "2009.05.21"]
[EventType "tourn"]
[EventRounds "7"]
[EventCountry "GER"]
[SourceTitle "EXT 2011"]
[Source "ChessBase"]
[SourceDate "2010.11.26"]
[SourceVersion "1"]
[SourceVersionDate "2010.11.26"]
[SourceQuality "1"]

1. Nf3 d6 2. c4 g6 3. Nc3 Bg7 4. e4 Nf6 5. d4 c5 6. Be2 0-0 7. 0-0 Nc6 8. d5 Nb4 9. Bf4 h6 10. h3 Nd7 11. Qd2 Kh7 12. Rae1 b6 13. a3 Na6 14. Bd3 Ne5 15. Nxe5 dxe5 16. Be3 g5 17. f4 f6 18. fxe5 fxe5 19. Rxf8 Qxf8 20. Rf1 Qg8 21. Be2 Bd7 22. Bg4 Bxg4 23. hxg4 Rf8 24. Rxf8 Qxf8 25. Nb5 Qc8 26. Qd1 Qd7 27. Qf3 Nc7 28. Nxa7 Nxd5 29. cxd5 Qxa7 30. Bd2 Qd7 31. Qf5+ Qxf5 32. gxf5 g4 33. Kf2 Bf6 34. a4 h5 35. b4 cxb4 36. Bxb4 Kg7 37. Bd2 h4 38. Be3 Kf7 39. Bxb6 Ke8 40. a5 Kd7 41. a6 Kc8 42. a7 Kb7 43. Bd8 1-0

[Event "GER-chT U20"]
[Site "Arendsee"]
[Date "2008.12.27"]
[Round "1.3"]
[White "Nuber, Blasius"]
[Black "Brueggemann, Florian"]
[Result "1-0"]
[WhiteElo "2073"]
[BlackElo "1960"]
[PlyCount "127"]
[EventDate "2008.12.27"]
[EventType "team-swiss"]
[EventRounds "7"]
[EventCountry "GER"]
[SourceTitle "CBM 128 Extra"]
[Source "ChessBase"]
[SourceDate "2009.03.05"]
[SourceVersion "2"]
[SourceVersionDate "2009.03.25"]
[SourceQuality "1"]
[WhiteTeam "Dillingen"]
[BlackTeam "Magdeburg Aufbau Elbe"]
[WhiteTeamCountry "GER"]
[BlackTeamCountry "GER"]

1. e4 e6 2. d4 d5 3. Bd3 Nf6 4. e5 Nfd7 5. Nf3 c5 6. c3 Nc6 7. a3 f6 8. Ng5 Ndxe5 9. dxe5 Nxe5 10. Bb5+ Nc6 11. Nh3 e5 12. 0-0 a6 13. Ba4 g6 14. Qf3 b5 15. Bc2 Be6 16. Re1 Rc8 17. Nf4 Bf7 18. Qh3 Qd7 19. Qxd7+ Kxd7 20. Ne2 Bg7 21. Nd2 c4 22. f4 d4 23. Be4 d3 24. Ng3 exf4 25. Nf5 Bf8 26. Nf3 g5 27. N3d4 Nd8 28. Bd2 Rb8 29. Reb1 Bc5 30. b4 cxb3 31. Kh1 Re8 32. Bxd3 Bxd4 33. Nxd4 Bc4 34. Nxb3 Bxd3 35. Nc5+ Kc6 36. Nxd3 Re2 37. Be1 Nf7 38. Bf2 a5 39. a4 Rd2 40. Ba7 Rb7 41. axb5+ Rxb5 42. Rd1 Rxd1+ 43. Rxd1 Rd5 44. Bd4 Ne5 45. Bxe5 fxe5 46. c4 Rd4 47. Nxe5+ Kc5 48. Rxd4 Kxd4 49. Nc6+ Kxc4 50. Nxa5+ Kd3 51. Kg1 Ke2 52. Nc6 Ke3 53. Kf1 h5 54. Ne5 g4 55. Nc4+ Kd4 56. Nd6 Ke5 57. Ne8 h4 58. h3 Kf5 59. Nd6+ Ke5 60. Nf7+ Ke4 61. hxg4 Kd5 62. Kf2 Ke6 63. Ng5+ Kf6 64. Nh3 1-0

[Event "Sachsen-Anhalt-ch 18th"]
[Site "Stendal"]
[Date "2008.05.01"]
[Round "1"]
[White "Rafayevych, Vilen"]
[Black "Brueggemann, Florian"]
[Result "1-0"]
[WhiteElo "1798"]
[BlackElo "2049"]
[PlyCount "115"]
[EventDate "2008.05.01"]
[EventType "tourn"]
[EventRounds "7"]
[EventCountry "GER"]
[SourceTitle "EXT 2011"]
[Source "ChessBase"]
[SourceDate "2010.11.26"]
[SourceVersion "1"]
[SourceVersionDate "2010.11.26"]
[SourceQuality "1"]

1. d4 g6 2. c4 Bg7 3. Nc3 d6 4. e4 e5 5. Nf3 Nc6 6. Bg5 f6 7. Bh4 h5 8. dxe5 dxe5 9. Qxd8+ Nxd8 10. Bg3 g5 11. h4 g4 12. Nd2 c6 13. c5 Ne6 14. b4 a5 15. b5 Nxc5 16. Nc4 Bf8 17. Nb6 Rb8 18. Nc4 cxb5 19. Nxe5 Ra8 20. Bxb5+ Nd7 21. Nxd7 Bxd7 22. Bxd7+ Kxd7 23. 0-0-0+ Ke6 24. Nb5 Rc8+ 25. Nc7+ Kf7 26. Rd7+ Kg6 27. Kb1 Rh7 28. Rhd1 Rxd7 29. Rxd7 b6 30. Bf4 Bh6 31. Bxh6 Nxh6 32. Ne6 Ng8 33. Nf4+ Kh6 34. Rd5 Rc5 35. Rxc5 bxc5 36. Nd3 c4 37. Nb2 c3 38. Nc4 f5 39. exf5 Nf6 40. Nxa5 Ne4 41. Kc2 Nxf2 42. Kxc3 Kg7 43. Nc4 Kf6 44. Ne3 Ke5 45. a4 Ne4+ 46. Kc4 Kf4 47. Kd4 Nf6 48. Nd5+ Nxd5 49. Kxd5 Kg3 50. f6 Kxg2 51. f7 g3 52. f8Q Kh3 53. Qf3 Kxh4 54. Ke4 g2 55. Qf2+ Kh3 56. Kf3 g1N+ 57. Qxg1 h4 58. Qg2# 1-0

[Event "Apolda op 16th"]
[Site "Apolda"]
[Date "2007.08.24"]
[Round "3"]
[White "Brueggemann, Florian"]
[Black "Brock, Friedemann"]
[Result "0-1"]
[WhiteElo "2047"]
[BlackElo "2236"]
[PlyCount "48"]
[EventDate "2007.08.23"]
[EventType "swiss"]
[EventRounds "7"]
[EventCountry "GER"]
[SourceTitle "CBM 120 Extra"]
[Source "ChessBase"]
[SourceDate "2007.11.01"]
[SourceVersion "1"]
[SourceVersionDate "2007.11.01"]
[SourceQuality "1"]

1. e4 c5 2. Nf3 d6 3. d4 cxd4 4. Nxd4 Nf6 5. Nc3 Nc6 6. f3 e5 7. Nb3 Be6 8. Be3 Be7 9. Qd2 0-0 10. g4 d5 11. g5 d4 12. gxf6 Bxf6 13. Bf2 Bg5 14. Qd3 Nb4 15. Qe2 dxc3 16. bxc3 Na6 17. Bg3 Qc7 18. c4 Nc5 19. h4 Bf4 20. Bxf4 exf4 21. Bh3 Qe5 22. Kf2 Bxh3 23. Nxc5 Qxc5+ 24. Ke1 Be6 0-1

[Event "Sachsen-Anhalt-ch 17th"]
[Site "Magdeburg"]
[Date "2007.05.20"]
[Round "7"]
[White "Brueggemann, Florian"]
[Black "Engelmann, Jakob"]
[Result "0-1"]
[WhiteElo "1839"]
[BlackElo "2130"]
[PlyCount "86"]
[EventDate "2007.05.17"]
[EventType "tourn"]
[EventRounds "7"]
[EventCountry "GER"]
[SourceTitle "EXT 2008"]
[Source "ChessBase"]
[SourceDate "2007.11.25"]
[SourceVersion "1"]
[SourceVersionDate "2007.11.25"]
[SourceQuality "1"]

1. e4 c6 2. d4 d5 3. e5 Bf5 4. Nc3 Qb6 5. g4 Bd7 6. f4 h5 7. f5 hxg4 8. Qxg4 e6 9. fxe6 Bxe6 10. Qf4 Nd7 11. Nf3 0-0-0 12. Bd3 c5 13. Bd2 cxd4 14. Nxd4 g5 15. Qe3 Rh3 16. Qf2 Nxe5 17. Bf5 Qxd4 18. Qxd4 Nf3+ 19. Kf2 Nxd4 20. Bxh3 Bxh3 21. Bxg5 f6 22. Bd2 Bc5 23. Na4 Bd6 24. c3 Nc6 25. Be3 Ne5 26. b4 Re8 27. Bxa7 Ne7 28. Rad1 Nf5 29. Rhg1 Ng4+ 30. Rxg4 Bxg4 31. Rxd5 Re2+ 32. Kf1 Rxa2 33. Ra5 Rxh2 34. Nb6+ Kd8 35. Nd5 Ng3+ 36. Kg1 Ne2+ 37. Kf1 Ng3+ 38. Kg1 Ne2+ 39. Kf1 Bf3 40. Bb6+ Kd7 41. Nxf6+ Ke6 42. Ne8 Bg3 43. Ng7+ Ke7 0-1

[Event "Sachsen-Anhalt-ch 17th"]
[Site "Magdeburg"]
[Date "2007.05.18"]
[Round "3"]
[White "Brueggemann, Florian"]
[Black "Erbs, Susan"]
[Result "1-0"]
[WhiteElo "1839"]
[BlackElo "1985"]
[PlyCount "65"]
[EventDate "2007.05.17"]
[EventType "tourn"]
[EventRounds "7"]
[EventCountry "GER"]
[SourceTitle "EXT 2008"]
[Source "ChessBase"]
[SourceDate "2007.11.25"]
[SourceVersion "1"]
[SourceVersionDate "2007.11.25"]
[SourceQuality "1"]

1. e4 d6 2. d4 Nf6 3. Nc3 g6 4. f4 Bg7 5. Nf3 c5 6. d5 0-0 7. Be3 b5 8. e5 Ng4 9. Bg1 b4 10. Ne4 dxe5 11. h3 Nf6 12. Nxf6+ exf6 13. Bxc5 Re8 14. fxe5 fxe5 15. Bb5 Bd7 16. Be2 e4 17. Nh2 Bxb2 18. 0-0 Bxa1 19. Qxa1 f5 20. Bd4 Rf8 21. Bc4 Qe8 22. Bh8 Rf7 23. Ng4 Qf8 24. d6 Bb5 25. Bxb5 Nd7 26. Bc4 Rc8 27. Nf6+ Nxf6 28. Bxf7+ Qxf7 29. Qxf6 Rxc2 30. Qd8+ Qf8 31. Qxf8+ Kxf8 32. Rd1 Ke8 33. d7+ 1-0

[Event "Sachsen-Anhalt-ch 17th"]
[Site "Magdeburg"]
[Date "2007.05.18"]
[Round "4"]
[White "Matthey, Harald"]
[Black "Brueggemann, Florian"]
[Result "1-0"]
[WhiteElo "2165"]
[BlackElo "1839"]
[PlyCount "99"]
[EventDate "2007.05.17"]
[EventType "tourn"]
[EventRounds "7"]
[EventCountry "GER"]
[SourceTitle "EXT 2008"]
[Source "ChessBase"]
[SourceDate "2007.11.25"]
[SourceVersion "1"]
[SourceVersionDate "2007.11.25"]
[SourceQuality "1"]

1. Nf3 Nf6 2. c4 c5 3. Nc3 d5 4. cxd5 Nxd5 5. e4 Nc7 6. d4 cxd4 7. Qxd4 Qxd4 8. Nxd4 a6 9. Bf4 Ne6 10. Nd5 Nxf4 11. Nc7+ Kd8 12. Nxa8 e5 13. Nc2 Nd7 14. Rd1 Bc5 15. b4 Ba7 16. a4 b6 17. a5 b5 18. Nb6 Bxb6 19. axb6 Ke7 20. g3 Ne6 21. Be2 Bb7 22. f3 Nxb6 23. Kf2 Rd8 24. Ne3 g6 25. g4 Na4 26. Rxd8 Kxd8 27. Rc1 h6 28. h4 Nd4 29. h5 g5 30. Bf1 Nb6 31. Rd1 Bc8 32. Nc2 Ke7 33. Nxd4 exd4 34. Rxd4 Be6 35. Kg3 Nc4 36. Bxc4 bxc4 37. Kf2 c3 38. Ke3 c2 39. Kd2 Bb3 40. Rd3 Ba4 41. Ra3 Bb5 42. Kxc2 Ke6 43. Kd2 Ke5 44. Ke3 Ke6 45. f4 f6 46. Rc3 Kd7 47. Rc5 Bf1 48. fxg5 fxg5 49. Rf5 Ke7 50. Rxf1 1-0

[Event "Blankenburg op-A 14th"]
[Site "Blankenburg"]
[Date "2006.10.02"]
[Round "5"]
[White "Boettcher, Dietmar"]
[Black "Brueggemann, Florian"]
[Result "0-1"]
[WhiteElo "1846"]
[BlackElo "2043"]
[PlyCount "48"]
[EventDate "2006.09.29"]
[EventType "swiss"]
[EventRounds "7"]
[EventCountry "GER"]
[SourceTitle "EXT 2015"]
[Source "ChessBase"]
[SourceDate "2014.11.20"]
[SourceVersion "1"]
[SourceVersionDate "2014.11.20"]
[SourceQuality "1"]

1. d4 Nf6 2. Nf3 g6 3. e3 Bg7 4. Bd3 0-0 5. 0-0 d6 6. b3 Nh5 7. Bb2 Nd7 8. Nbd2 e5 9. dxe5 Nxe5 10. Nxe5 dxe5 11. Nc4 Re8 12. Be2 Qg5 13. Bxh5 gxh5 14. f4 exf4 15. Bxg7 Qxg7 16. exf4 Bg4 17. Qd5 Re6 18. f5 c6 19. Qa5 Re2 20. f6 Qg6 21. Ne5 Qxc2 22. Nxg4 Rxg2+ 23. Kh1 Rxg4 24. Qe5 Qg2# 0-1

[Event "Blankenburg op-A 14th"]
[Site "Blankenburg"]
[Date "2006.10.02"]
[Round "6"]
[White "Brueggemann, Florian"]
[Black "Schmidt, Stephan"]
[Result "1-0"]
[WhiteElo "2043"]
[BlackElo "2089"]
[PlyCount "57"]
[EventDate "2006.09.29"]
[EventType "swiss"]
[EventRounds "7"]
[EventCountry "GER"]
[SourceTitle "EXT 2015"]
[Source "ChessBase"]
[SourceDate "2014.11.20"]
[SourceVersion "1"]
[SourceVersionDate "2014.11.20"]
[SourceQuality "1"]

1. e4 Nf6 2. d3 d5 3. e5 Nfd7 4. d4 e6 5. Nf3 c5 6. c3 Nc6 7. a3 cxd4 8. cxd4 Be7 9. Nc3 f6 10. exf6 Bxf6 11. Bf4 a6 12. Be2 0-0 13. Be3 Rf7 14. Rc1 Nf8 15. Bd3 Bd7 16. 0-0 Be8 17. Na4 e5 18. dxe5 Nxe5 19. Nxe5 Bxe5 20. b4 d4 21. Bd2 Kh8 22. Nc5 Bc6 23. Qh5 Bf4 24. Ne6 g6 25. Nxd8 gxh5 26. Nxf7+ Kg7 27. Bxf4 Kxf7 28. Bc4+ Kf6 29. Rfe1 1-0

[Event "Blankenburg op-A 14th"]
[Site "Blankenburg"]
[Date "2006.10.01"]
[Round "4"]
[White "Zier, Verena"]
[Black "Brueggemann, Florian"]
[Result "1/2-1/2"]
[WhiteElo "1918"]
[BlackElo "2043"]
[PlyCount "81"]
[EventDate "2006.09.29"]
[EventType "swiss"]
[EventRounds "7"]
[EventCountry "GER"]
[SourceTitle "EXT 2015"]
[Source "ChessBase"]
[SourceDate "2014.11.20"]
[SourceVersion "1"]
[SourceVersionDate "2014.11.20"]
[SourceQuality "1"]

1. d4 Nf6 2. c4 c5 3. d5 b5 4. cxb5 a6 5. b6 d6 6. Nc3 Nbd7 7. a4 Qxb6 8. a5 Qc7 9. Nf3 g6 10. e4 Bg7 11. Be2 0-0 12. 0-0 h6 13. Qc2 Bb7 14. Nd2 Rfb8 15. Nc4 Bc8 16. Ra3 Nf8 17. f4 Ng4 18. Kh1 h5 19. h3 Nh6 20. f5 gxf5 21. exf5 Nh7 22. Bxh5 Rb4 23. Be2 f6 24. Na2 Rxc4 25. Bxc4 Nf7 26. Qe2 Nf8 27. Qh5 Nd7 28. Rg3 Nde5 29. Bh6 Nxh6 30. Qxh6 e6 31. Be2 exf5 32. Qxf6 Ra7 33. Nc1 Qe7 34. Qxe7 Rxe7 35. Rf2 Kh7 36. Rb3 Bh6 37. Na2 c4 38. Rb6 Be3 39. Rf1 Bxb6 40. axb6 Rb7 41. Rc1 1/2-1/2